| 000 | 00587nam a2200181 i 4500 | ||
|---|---|---|---|
| 001 | 75957 | ||
| 003 | ES-MaACL | ||
| 005 | 20230906172652.0 | ||
| 007 | t| | ||
| 008 | 040928s1981 sp ||||1| spa d | ||
| 100 | 1 |
_aGray, Harry B. _959797 |
|
| 245 | 1 | 0 |
_aPrincipios básicos de Química / _cHarry B. Gray, Gilbert P. Haight ; [versión de Juan Mª Salietti Vinué]. |
| 260 |
_aBarcelona : _bReverté, _c[1981] |
||
| 300 |
_a329 h. : _bil. ; _c24 cm. |
||
| 700 | 1 |
_aHaight, Gilbert P. _961487 |
|
| 700 | 1 |
_aSalietti Vinué, Juan María. _9101923 |
|
| 852 |
_aES-MaACL _jL-5267 _bR.105858 |
||
| 999 |
_c75957 _d75957 |
||